Orígenes de la novela / (Record no. 182710)

MARC details
000 -LEADER
campo de control de longitud fija 01165nam a2200229 i 4500
001 - NÚMERO DE CONTROL
campo de control 182710
003 - IDENTIFICADOR DE NÚMERO DE CONTROL
campo de control ES-MaACL
005 - FECHA Y HORA DE LA ÚLTIMA TRANSACCIÓN
campo de control 20231228063300.0
008 - DATOS DE LONGITUD FIJA--INFORMACIÓN GENERAL
campo de control de longitud fija 131016s1943 sp |||| | spa d
100 1# - ENTRADA PRINCIPAL--NOMBRE DE PERSONA
Nombre de persona Menéndez y Pelayo, Marcelino,
Fechas asociadas al nombre 1856-1912
9 (RLIN) 80332
245 10 - MENCIÓN DEL TÍTULO
Título Orígenes de la novela /
Mención de responsabilidad, etc. [Menéndez Pelayo] ; edición preparada por Enrique Sánchez Reyes.
260 ## - PUBLICACIÓN, DISTRIBUCIÓN, ETC.
Lugar de publicación, distribución, etc. Madrid :
Nombre del editor, distribuidor, etc. Consejo Superior de Investigaciones Científicas,
Fecha de publicación, distribución, etc. 1943 (
Lugar de fabricación/manufactura Santander :
Fabricante Aldus)
300 ## - DESCRIPCIÓN FÍSICA
Extensión 4 v. ;
Dimensiones 21 cm.
490 1# - MENCIÓN DE SERIE
Mención de serie Edición nacional de las obras completas de Menéndez Pelayo ;
Designación de volumen o secuencia 13-16
505 8# - NOTA DE CONTENIDO CON FORMATO
Nota de contenido con formato Contiene: 1. Influencia oriental. Libros de caballerías - 2. Novelas sentimental, bizantina, histórica y pastoril - 3. Cuentos y novelas cortas. La Celestina - 4. Primeras imitaciones de La Celestina
650 04 - PUNTO DE ACCESO ADICIONAL DE MATERIA--TÉRMINO DE MATERIA
Término de materia o nombre geográfico como elemento de entrada Novela española-
Subdivisión general Historia y crítica.
9 (RLIN) 15611
700 1# - ENTRADA AGREGADA--NOMBRE PERSONAL
Nombre de persona Sánchez Reyes, Enrique.
9 (RLIN) 102876
710 2# - ENTRADA AGREGADA--NOMBRE DE ENTIDAD CORPORATIVA
Nombre de entidad corporativa o nombre de jurisdicción como elemento de entrada Consejo Superior de Investigaciones Científicas (España)
9 (RLIN) 3236
830 1# - PUNTO DE ACCESO ADICIONAL DE SERIE-TÍTULO UNIFORME
Título uniforme Edición nacional de las obras completas de Menéndez y Pelayo
Designación de volumen o secuencia 13-16
9 (RLIN) 224235
852 ## - LOCALIZACIÓN
Ubicación ES-MaACL
Número de control de estantería E-3174-77
Holdings
Estatus retirado Estado de pérdida Estado de daño No para préstamo Biblioteca de origen Biblioteca actual Ubicación en estantería Fecha de adquisición Fuente de adquisición Total de préstamos Signatura topográfica completa Código de barras Visto por última vez Precio de reemplazo Tipo de ítem Koha
        Biblioteca del Ateneo de Madrid Biblioteca del Ateneo de Madrid Depósito 2 16/10/2013     E-3174-77 1192016 23/02/2023 23/02/2023 Libro impreso